Score 0/34 Timer 04:00
0 Plays Today
Hint 4-Letter Word % Correct
Beef, pork, or venison, e.g.🍲MEAT🍲
99.2%
Lemon meringue, key lime, and coconut cream, e.g.🍲PIES🍲
96%
Special high school dance nightPROM
95.9%
1953 Film: '___ Here to Eternity'🍲FROM🍲
95.8%
Toad relativeFROG
95.8%
Swimming localePOOL
95.4%
A survey of votersPOLL
95%
College teacher, for shortPROF
94.8%
A kind of mossPEAT
94.7%
Anger or irritate, with 'off'PISS
94.6%
Silent, white-faced performerMIME
94.5%
A pomaceous fruitPEAR
94.5%
A colleague or someone of similar agePEER
94.3%
Formed or produced🍲MADE🍲
94%
An extension into the harborPIER
93.7%
A 'blind' rodent or a planted spyMOLE
93.1%
Sound of a disappearancePOOF
93.1%
Hint 4-Letter Word % Correct
End of a magnetPOLE
92.9%
Mean, median, and ___MODE
92.7%
To overtake while drivingPASS
92.6%
A sculpture from the neck upBUST
91.9%
Fictional Auntie of 1950s book and filmMAME
91.8%
An impudent childBRAT
91.1%
A shortened hit in baseballBUNT
90.5%
A boastBRAG
90.2%
DefeatedBEAT
89.9%
Tony Award winning musical: '___ and Dolls'☠GUYS☠
89.8%
To damage with a grenadeFRAG
89.2%
Deformed into an angleBENT
88.7%
Beatles lyric: 'He ___ her diamond rings, you know.'BUYS
87%
Fail to scoreMISS
86.2%
Give a kiss toBUSS
85.3%
2007 video game, first in trilogy, '___ Effect'MASS
84.8%
___-en-scene: the scenery on stageMISE
83.8%

Today's Daily Dose

You're not logged in!

Compare scores with friends on all Sporcle quizzes.
OR
Log In

Sporcle TV

Today on Sporcle TV


Watch our educational content, quiz creation guides, and fun videos on Sporcle TV.

Show Comments

Extras

Top Quizzes Today


Score Distribution

Your Account Isn't Verified!

In order to create a playlist on Sporcle, you need to verify the email address you used during registration. Go to your Sporcle Settings to finish the process.

Report this User

Report this user for behavior that violates our Community Guidelines.

Details: